| Tag |
First Indicator |
Second Indicator |
Subfields |
| LEADER |
00000cam a2200000 4500 |
| 001 |
in00000061087 |
| 005 |
20151008051623.0 |
| 008 |
740214s1945 nyu b 00000 eng u |
| 010 |
|
|
|a a 45004643
|
| 035 |
|
|
|a (OCoLC)00801833
|
| 035 |
|
|
|9 AAG9010AM
|
| 040 |
|
|
|c KSU
|d TXA
|d UtOrBLW
|
| 049 |
|
|
|a TXAM
|c [209833]
|
| 082 |
0 |
|
|a 709.24
|
| 090 |
|
|
|a PR5083
|b .G7
|
| 092 |
|
|
|a 335
|b G827w
|
| 100 |
1 |
|
|a Grennan, Margaret Rose,
|d 1912-
|
| 245 |
1 |
0 |
|a William Morris, medievalist and revolutionary.
|
| 264 |
|
1 |
|a New York :
|b King's crown press,
|c 1945.
|
| 300 |
|
|
|a x, 173 pages ;
|c 23 cm.
|
| 336 |
|
|
|a text
|b txt
|2 rdacontent
|
| 337 |
|
|
|a unmediated
|b n
|2 rdamedia
|
| 338 |
|
|
|a volume
|b nc
|2 rdacarrier
|
| 500 |
|
|
|a At head of title: Margaret R. Grennan.
|
| 504 |
|
|
|a Bibliography: pages [161]-167.
|
| 600 |
1 |
0 |
|a Morris, William,
|d 1834-1896.
|
| 999 |
|
|
|a MARS
|
| 999 |
f |
f |
|s 996bed1c-af96-3f54-ab7e-50df04e93d78
|i 0af2280c-4a22-3909-8330-4ccd02241e4c
|t 0
|
| 952 |
f |
f |
|p normal
|a Texas A&M University
|b College Station
|c Sterling C. Evans Library
|d Evans: Library Stacks
|t 0
|e PR5083 .G7
|h Library of Congress classification
|i unmediated -- volume
|m A14800743508
|
| 998 |
f |
f |
|a PR5083 .G7
|t 0
|l Evans: Library Stacks
|